00542nam a2200169 4500010001500000020002700015035001400042037001300056082001100069100001700080245010900097250000600206260004100212270007000253300002800323700002100351 aENG-139664 a9789387306134c1500.00 aEN-123196 bDBAD/PUB a938.03 aSharma,D.,P. aThe Copper Hoard Weapons In Ganga-Yamuna Doab (circa 4000-1500 BC)c/by D.P. Sharma [and] Madhuri Sharma a1 aVaranasibPrachya Vidya Bhawanc2019 aB5/25 Oudhgarvi, SonarpurabVaranasie221001mprachyavb@gmail.com a182 p.c23cm(PBT)eill. aSharma, Madhuri.